Continuum emission in active galactic nuclei (Record no. 9126)

MARC details
000 -LEADER
fixed length control field 00813nam a2200181Ia 4500
003 - CONTROL NUMBER IDENTIFIER
control field IN-BaIIA
008 - FIXED-LENGTH DATA ELEMENTS--GENERAL INFORMATION
fixed length control field 211028s9999 xx 000 0 eng d
040 ## - CATALOGING SOURCE
Transcribing agency IIA Library
080 ## - UNIVERSAL DECIMAL CLASSIFICATION NUMBER
Universal Decimal Classification number 524.744(063)
Item number CON
111 ## - MAIN ENTRY--MEETING NAME
Meeting name or jurisdiction name as entry element Workshop on Continuum Emission in Active Galactic Nuclei
Location of meeting Tucson, Arizona, U.S.A
Date of meeting or treaty signing 1986 Jan. 11-14
9 (RLIN) 15321
245 #0 - TITLE STATEMENT
Title Continuum emission in active galactic nuclei
Remainder of title procedings of a workshop on continuum emission in active galactic nuclei, held in Tucson, Arizona, U.S.A., January 11-14, 1986
Statement of responsibility, etc. edited by Michael L. Sitko
260 ## - PUBLICATION, DISTRIBUTION, ETC.
Place of publication, distribution, etc. Arizona
Name of publisher, distributor, etc. University of Arizona Press
Date of publication, distribution, etc. 1986
300 ## - PHYSICAL DESCRIPTION
Extent ii, 224p.
650 ## - SUBJECT ADDED ENTRY--TOPICAL TERM
Topical term or geographic name entry element Active galactic nuclei
9 (RLIN) 6209
650 ## - SUBJECT ADDED ENTRY--TOPICAL TERM
Topical term or geographic name entry element Astronomy and astrophysics thesaurus
700 ## - ADDED ENTRY--PERSONAL NAME
Personal name Sitko, Michael L .,ed.
9 (RLIN) 15322
942 ## - ADDED ENTRY ELEMENTS (KOHA)
Koha item type Books
Holdings
Withdrawn status Lost status Damaged status Not for loan Home library Current library Shelving location Date acquired Total Checkouts Full call number Barcode Date last seen Price effective from Koha item type
        IIA Library-Bangalore IIA Library-Bangalore General Stacks     524.744(063)/ CON 10029 05/11/2021   Books

Powered by Koha